000 00456nam a2200181Ia 4500
003 GCL
008 140319s9999 xx 000 0 ara d
040 _aGCL /
_cGCL
082 0 4 _a150.1
_bح ع
100 1 _aحلمى المليجى
245 1 0 _aعلم النفس المعاصر /
_cحلمى المليجى
300 _a352 ص
490 _a
650 0 4 _aعلم النفس
650 0 4 _aالشخصية
650 0 4 _aالسلوك
942 _2ddc
_cBK
999 _c45437
_d45437